Diccionario de términos de turismo y de ocio: inglés-español, spanish-english
Gespeichert in:
| Hauptverfasser: | , , , , |
|---|---|
| Format: | Buch |
| Sprache: | Spanisch Englisch |
| Veröffentlicht: |
Barcelona
Ariel
2006
|
| Ausgabe: | 2a. ed |
| Schriftenreihe: | Ariel Turismo
|
| Schlagworte: | |
| Tags: |
Tag hinzufügen
Keine Tags, Fügen Sie den ersten Tag hinzu!
|
MARC
| LEADER | 00000cam a2200000 a 4500 | ||
|---|---|---|---|
| 001 | UCG9797 | ||
| 003 | CL-VaPUC | ||
| 008 | 120405e20060000SP |||||||||||||||||spa|d | ||
| 020 | |a 8434436388 | ||
| 041 | 0 | 7 | |a spa |2 CL-VaPUC |
| 041 | 0 | 7 | |a eng |2 CL-VaPUC |
| 082 | 0 | 4 | |a 338.4791 |b ALC |2 21 |
| 100 | 0 | |a Alcaraz Varó, Enrique |e author |9 561490 | |
| 700 | 0 | |a Hugues, Brian |e author |9 561491 | |
| 700 | 0 | |a Campos Pardillos, Miguel Angel |e author |9 561492 | |
| 700 | 0 | |a Pina Medina, Víctor Manuel |e author |9 561493 | |
| 700 | 0 | |a Alesón Carbonell, María Amparo |e author |9 561494 | |
| 245 | 1 | 0 | |a Diccionario de términos de turismo y de ocio: inglés-español, spanish-english |
| 250 | |a 2a. ed | ||
| 300 | |a 676 p | ||
| 942 | |c BK | ||
| 945 | |d 20120405 00:00:00 |a cmena | ||
| 260 | |a Barcelona |b Ariel |c 2006 | ||
| 650 | 0 | |a Turismo |9 308920 | |
| 650 | 7 | |a DICCIONARIOS BILINGUES |2 CL-VaPUC |9 455910 | |
| 650 | 0 | |a Industria turística |9 347913 | |
| 583 | |a last modification |c 20120405 11:40:00 |k Rodrigo Vera | ||
| 490 | 0 | |a Ariel Turismo | |
| 999 | |c 347340 |d 347338 | ||
| 952 | |0 0 |1 0 |4 0 |6 338_479100000000000_ALC_2006 |7 0 |8 X |9 448600 |a BIBING |b BIBING |d 2019-11-22 |i 4854012 |o 338.4791 ALC 2006 |p 4854012 |r 2025-01-20 |w 2019-11-22 |y BK_X |k GEO | ||